Todas as formas incríveis de ler (Record no. 45386)

MARC details
000 -Etiqueta do registo
Valores 00787nam a2200253 4500
010 ## - Número ISBN
ISBN 9789895815609
021 ## - Número do Depósito Legal
Número 549845/25
100 ## - Dados gerais de processamento
Dados gerais 20251009d2025 c y0pory50030103ba
101 1# - Língua de publicação
Língua por
102 ## - País de publicação
País PT
200 1# - Titulo e menção de responsabilidade
Título próprio Todas as formas incríveis de ler
Primeira menção de responsabilidade Laura Baker
Outras menções de responsabilidade il. Sandra de la Prada
205 ## - Menção da edição
Edição 1<U+00AA> ed
210 #9 - Publicação
Local de publicação Alfragide
Nome do editor Oficina do Livro,
Data de publicação 2025
215 ## - Descrição física 
Paginação / Volumes [28] p.
Outras indicações físicas il.
Dimensões 30 cm
304 ## - Nota relativa ao título
Texto de nota Tít. orig.: All of the wonderful ways to read
675 ## - CDU
Notação 087.5
Edição BN
Língua por
675 ## - CDU
Notação 821.111(71)-93"20"
Edição BN
Língua por
700 #1 - Autor principal
Apelido Baker,
Nome Laura
701 #1 - Autor co-responsavel
Apelido Prada,
Nome Sandra de la
Função 440
801 #0 - Fonte de origem
País PT
Agência BN
Regras de catalogação RPC
856 41 - Localização e acesso electrónico 
URL <a href="http://rnod.bnportugal.gov.pt/ImagesBN/winlibimg.aspx?skey=&doc=2228376&img=213899&save=true">http://rnod.bnportugal.gov.pt/ImagesBN/winlibimg.aspx?skey=&doc=2228376&img=213899&save=true</a>
990 ## - Elementos KOHA
Tipo de documento Livro
Holdings
Aquisição Empréstimo Código de barras Cota Permissão de empréstimo Tipo de documento
Biblioteca do Centro Escolar de Montoito Biblioteca do Centro Escolar de Montoito 81643 82-93 BAK LIT. INF. JUV.   Livro

Powered by Koha